000 01704nam a2200481 i 4500
001 21769
003 KOSZ 005
005 20221014093108.0
008 991116s1982 pl a f |001 0 pol
015 _aPB 1982/9063
020 _a8320404576
035 _a(PL-WaBN)b13233932-48omnis_nlop
035 _ab13233932
035 _a(OCoLC)749683475
035 _a(PL)b0000013233932
040 _aWA N
_cWA N
_dKOSZ 005/HR
041 1 _apol
_hrus
046 _k1977
080 _a621.318
100 1 _aKogen-Dalin, Vladimir Viktorovič.
245 1 0 _aObliczanie i badanie układów z magnesami trwałymi /
_cW. W. Kogen-Dalin, E. W. Komarow ; z ros. tł. Jerzy Zadrożny.
246 1 _iTyt. oryg.:
_aRasčët i ispytanie sistem s postojannymi magnitami,
_f1977
260 _aWarszawa :
_bWydawnictwa Naukowo-Techniczne,
_c1982
_e(BielBiała :
_fBZG).
300 _a228 s. :
_bil. tab. wykr. ;
_c21 cm.
336 _2rdacontent
_aTekst
_btxt
337 _2rdamedia
_aBez urządzenia pośredniczącego
_bn
338 _2rdacarrier
_aWolumin
_bnc
380 _aKsiążki
380 _aPublikacje naukowe
388 _a1901-2000
504 _aBibliogr. s. 219-226. - Indeksy.
658 _aInżynieria i technika
650 7 _aProjekty
650 7 _aUrządzenia
650 7 _aPole magnetyczne
_2DBN
650 7 _aMagnes
700 1 _aKomarov, Evgenij Viktorovič
_eAutor
700 1 _aZadrożny, Jerzy.
_eTłumaczenie
710 2 _aWydawnictwa Naukowo-Techniczne
_4pbl
856 _uhttp://koha.tu.koszalin.pl/cgi-bin/koha/opac-detail.pl?biblionumber=21769
_yKatalog online BPK
942 _2UKD
_cKS
999 _c21769
_d21769